<?xml version="1.0" encoding="UTF-8"?>
<record
    xmlns:xsi="http://www.w3.org/2001/XMLSchema-instance"
    xsi:schemaLocation="http://www.loc.gov/MARC21/slim http://www.loc.gov/standards/marcxml/schema/MARC21slim.xsd"
    xmlns="http://www.loc.gov/MARC21/slim">

  <leader>01294nam a2200253 i 4500</leader>
  <controlfield tag="001">35462</controlfield>
  <controlfield tag="003">ES-MaACL</controlfield>
  <controlfield tag="005">20230906155131.0</controlfield>
  <controlfield tag="007">t|</controlfield>
  <controlfield tag="008">030213s1850    sp           ||||1| spa d</controlfield>
  <datafield tag="080" ind1=" " ind2=" ">
    <subfield code="a">016:33</subfield>
  </datafield>
  <datafield tag="080" ind1=" " ind2=" ">
    <subfield code="a">338.2(460)"18"</subfield>
  </datafield>
  <datafield tag="100" ind1="1" ind2=" ">
    <subfield code="a">Bona y Ureta, Juan Eloy de.</subfield>
    <subfield code="9">30051</subfield>
  </datafield>
  <datafield tag="245" ind1="1" ind2="0">
    <subfield code="a">Clave de los economistas en el poder y en la oposici&#xF3;n </subfield>
    <subfield code="b">: discurso econ&#xF3;mico-pol&#xED;tico / </subfield>
    <subfield code="c">escrito por Juan Eloy de Bona y Ureta ; introducci&#xF3;n de Salvador Costanzo ; seguido de un cat&#xE1;logo [de todas las obras de Econom&#xED;a y Administraci&#xF3;n publicadas en Espa&#xF1;a desde el siglo XVI hasta nuestros d&#xED;as] del mismo autor... ; y a&#xF1;adido de una carta y varios apuntes de Manuel de Colmeiro.</subfield>
  </datafield>
  <datafield tag="260" ind1=" " ind2=" ">
    <subfield code="a">Madrid : </subfield>
    <subfield code="b">[s.n.], </subfield>
    <subfield code="c">1850 (</subfield>
    <subfield code="f">Imp. de Francisco Garc&#xED;a Arias)</subfield>
  </datafield>
  <datafield tag="300" ind1=" " ind2=" ">
    <subfield code="a">XVI, 1-27, 1-43 p. ; </subfield>
    <subfield code="c">20 cm.</subfield>
  </datafield>
  <datafield tag="530" ind1=" " ind2=" ">
    <subfield code="a">Disponible en formato digital.</subfield>
  </datafield>
  <datafield tag="650" ind1=" " ind2="4">
    <subfield code="a">Econom&#xED;a-</subfield>
    <subfield code="v">Bibliograf&#xED;as.</subfield>
    <subfield code="9">149470</subfield>
  </datafield>
  <datafield tag="651" ind1=" " ind2="4">
    <subfield code="a">Espa&#xF1;a-</subfield>
    <subfield code="x">Pol&#xED;tica econ&#xF3;mica-</subfield>
    <subfield code="y">S.XIX.</subfield>
    <subfield code="9">147870</subfield>
  </datafield>
  <datafield tag="700" ind1="1" ind2=" ">
    <subfield code="a">Costanzo, Salvador.</subfield>
    <subfield code="9">41130</subfield>
  </datafield>
  <datafield tag="700" ind1="1" ind2=" ">
    <subfield code="a">Colmeiro, Manuel (</subfield>
    <subfield code="d">1818-1894)</subfield>
    <subfield code="9">39768</subfield>
  </datafield>
  <datafield tag="852" ind1="4" ind2=" ">
    <subfield code="a">ES-MaACL</subfield>
    <subfield code="j">T-1-F-4   </subfield>
    <subfield code="z">-  Enc. hol., falto de cub. original </subfield>
    <subfield code="z">- Enc. en un vol. facticio</subfield>
  </datafield>
  <datafield tag="856" ind1="4" ind2=" ">
    <subfield code="u">http://bdh-rd.bne.es/viewer.vm?id=0000255790&amp;page=1 </subfield>
    <subfield code="z">Biblioteca Digital Hisp&#xE1;nica</subfield>
  </datafield>
  <datafield tag="999" ind1=" " ind2=" ">
    <subfield code="c">35462</subfield>
    <subfield code="d">35462</subfield>
  </datafield>
  <datafield tag="952" ind1=" " ind2=" ">
    <subfield code="0">0</subfield>
    <subfield code="1">0</subfield>
    <subfield code="4">0</subfield>
    <subfield code="7">0</subfield>
    <subfield code="8">Colecci&#xF3;n_de_folletos</subfield>
    <subfield code="a">ATENEOM</subfield>
    <subfield code="b">ATENEOM</subfield>
    <subfield code="c">DEPOF</subfield>
    <subfield code="d">2008-01-17</subfield>
    <subfield code="e">SC</subfield>
    <subfield code="l">0</subfield>
    <subfield code="o">T-1-F-4</subfield>
    <subfield code="p">1037108</subfield>
    <subfield code="r">2023-02-23 00:00:00</subfield>
    <subfield code="w">2023-02-23</subfield>
    <subfield code="y">FOLLETOS</subfield>
  </datafield>
</record>
